000 00788nam a2200253Ia 4500
003 OSt
005 20220923211645.0
006 a|||||r|||| 00| 0
007 ta
008 220922b |||||||| |||| 00| 0 san d
024 _a40,442
037 _cTextual
040 _aARTS
_cARTS
_bsan
041 _2san
_asan
082 _aO15:gxH35,1, M2
100 _aकविराज, विश्वनाथ
_9156292
245 0 _aसाहित्यदर्पणः
246 _aSāhityadarpaṇah
260 _aदिल्ली
_b पाणिनि
_c1982
300 _a632पृ.
_ccm.
650 _aसंस्कृत साहित्य
942 _hO15:gxH35,1, M2
_cTEXL
_2CC
999 _c302258
_d302258